Statistics for Countries That Border Four Other Countries

Click here to take the quiz!

General Stats

  • This quiz has been taken 64 times
  • The average score is 14 of 24

Answer Stats

4-border-country% Correct
Tajikistan
74%
Belgium
69%
Lithuania
67%
Namibia
67%
Pakistan
67%
Albania
64%
Angola
64%
Armenia
64%
Czech Republic
64%
Turkmenistan
64%
Zimbabwe
64%
Thailand
62%
Botswana
60%
Latvia
60%
Slovenia
60%
Georgia
57%
Guatemala
57%
Kosovo
57%
Nigeria
57%
Greece
55%
Kyrgyzstan
52%
Benin
48%
Rwanda
48%
Mauritania
45%

Score Distribution

Percentile by Number Answered

Percent of People with Each Score

Your Score History

You have not taken this quiz